| 000 | 00785nam a2200205 i 4500 | ||
|---|---|---|---|
| 001 | 157910 | ||
| 003 | ES-MaACL | ||
| 005 | 20240228213523.0 | ||
| 008 | 190114s1954 sp |||| | spa d | ||
| 100 | 0 |
_aIgual Ubeda, Antonio. _965156 |
|
| 245 | 1 | 3 |
_aEl Imperio español / _cAntonio Igual Ubeda ; ilustraciones seleccionadas y clasificadas por Juan Subias Galter. |
| 260 |
_aBarcelona : _bSeix y Barral, _c1954. |
||
| 300 |
_a625 p., 4 h., 1 lám., lám. I-XI : _bil. ; _c28 cm. |
||
| 490 | 1 | _aHistoria de la Cultura Española | |
| 651 | 4 |
_aEspaña- _xHistoria- _y1516-1700, Casa de Austria _98228 |
|
| 700 | 1 |
_aSubías Galter, Juan ( _d1897-1984) _9108683 |
|
| 830 | 0 |
_aHistoria de la Cultura Española _9183768 |
|
| 852 |
_aES-MaACL _jP-265-4 |
||
| 999 |
_c157910 _d157910 |
||